000 00266nam a22001217a 4500
008 171011b xxu||||| |||| 00| 0 eng d
041 _aeng
080 _a316
100 _a50
101 _aSOC
245 _aTHE SOCIOLOGICAL TRADITION
_cNISBET,R.A
942 _2udc
_cBK
999 _c33044
_d33044